000
00298nam a2200121Ia 4500
003
OSt
005
20230824043148.0
008
170523s9999 xx 000 0 und d
040
_c
IIMT UNIVERSITY
100
_a
AGARWAL- P.K
245
0
_a
MANAGEMENT PROCESS & ORGANIZATION BEHAVIOUR
942
_2
ddc
_c
02
999
_c
10043
_d
10043